Foreign footballers in PL #11 Aston Villa F.C. - Statistics

General Stats
  • This quiz has been taken 46 times
  • The average score is 4 of 10
Answer Stats
Nationality Footballer % Correct
Spain Carles Gil, Adama Traoré, José Crespo, Borja Bastón, Jota Peleteiro, Pepe Reina
58%
USA Brad Guzan
53%
Australia Jordan Lyden, Mile Jedinak
50%
Ghana Jordan Ayew, Albert Adomah
45%
Netherlands Anwar El Ghazi
40%
Curaçao Leandro Bacuna
40%
Belgium Ritchie De Laet, Björn Engels
38%
Colombia Carlos Sánchez
35%
Denmark Jores Okore
28%
Democratic Republic of the Congo Aaron Tshibola, Yannick Bolasie
23%
No matching quizzes found
Score Distribution
Percent of People with Each Score
Percentile by Number Answered
Your Score History
You have not taken this quiz